000 01607cam a2200469Ia 4500
001 93477
005 20230410132920.0
008 910419s1984 mx a 000 0cspa d
035 _a(OCoLC)ocm23537900
040 _aSJP
_cSJP
_dCGP
_dOCL
020 _a9684329172
020 _a9789684329171
035 _a(OCoLC)23537900
041 1 _aspa
_hgrc
043 _ae-gr---
049 _aGRAL
050 1 4 _aB 168
_bD591v 1984
100 0 _aDiogenes Laertius.
245 1 0 _aVidas de los filósofos más ilustres /
_cLaercio Diógenes. Vidas de los sofistas / Filostrato.
250 _a1. ed. en la Colección "Sepan cuantos-- ".
260 _aMéxico :
_bPorrúa,
_c1984.
300 _a375 p. :
_b1 ill. ;
_c22 cm.
490 0 _a"Sepan cuantos-- " ;
_vnúm. 427
500 _aTranslation of: Lives, teachings, and sayings of famous philosophers, and Lives of the sophists.
500 _a"Traducciones y prólogos de José Ortiz y Sanz y José M. Riaño."
650 0 _aPhilosophers, Ancient.
650 0 _aPhilosophy, Ancient.
650 0 _aSophists (Greek philosophy)
_vBiography.
650 4 _aFilósofos antiguos.
650 4 _aFilosofía antigua.
650 4 _aSofistas (Filosofía) - Biografías
650 4 _aCES
650 4 _aColeccion Enrriquillo Sanchez
700 1 _aOrtiz y Sanz, José.
700 1 _aRiaño, José M.
700 0 2 _aPhilostratus,
_cthe Athenian,
_d2nd/3rd cent.
_tLives of the sophists.
_lSpanish.
740 0 1 _aVidas de los filósofos más ilustres.
740 0 1 _aVidas de los sofistas.
942 _2lcc
_cbk
966 _aRCH
994 _aC0
_bDRFGD
999 _c90128
_d90128